La televisión ha muerto: la nueva producción audiovisual en la era de Internet: la tercera revolución industrial
Guardat en:
| Autor principal: | |
|---|---|
| Format: | Llibre |
| Idioma: | espanyol |
| Publicat: |
Barcelona
Gedisa
2000
|
| Edició: | 1a. ed |
| Col·lecció: | Estudios de Televisión, 9
|
| Matèries: | |
| Etiquetes: |
Afegir etiqueta
Sense etiquetes, Sigues el primer a etiquetar aquest registre!
|
MARC
| LEADER | 00000nam a2200000 a 4500 | ||
|---|---|---|---|
| 001 | UCK4474 | ||
| 003 | CL-VaPUC | ||
| 008 | 050610e20000000SP |||||||||||||||||spa|d | ||
| 020 | |a 8474328128 | ||
| 082 | 0 | 4 | |a 302.2345 |b PER |2 21 |
| 100 | 0 | |a Pérez de Silva, Javier |e author |9 492965 | |
| 245 | 1 | 3 | |a La televisión ha muerto: la nueva producción audiovisual en la era de Internet: la tercera revolución industrial |
| 250 | |a 1a. ed | ||
| 300 | |a 254 p | ||
| 942 | |c BK | ||
| 945 | |d 20050610 00:00:00 |a cmena | ||
| 260 | |a Barcelona |b Gedisa |c 2000 | ||
| 650 | 0 | |a Televisión |9 256845 | |
| 650 | 0 | |a Medios de comunicación de masas |9 257273 | |
| 650 | 7 | |a INNOVACIONES TECNOLOGICAS |2 CL-VaPUC |9 492966 | |
| 650 | 0 | |a Internet |9 254823 | |
| 650 | 0 | |a Cambio social |9 256857 | |
| 650 | 7 | |a SOCIOLOGIA DEL PERIODISMO |2 CL-VaPUC |9 462333 | |
| 583 | |a last modification |c 20160914 11:33:13 |k Rodrigo Vera | ||
| 490 | 0 | |a Estudios de Televisión, 9 | |
| 999 | |c 313307 |d 313305 | ||
| 952 | |0 0 |1 0 |4 0 |6 302_234500000000000_PER_2000 |7 0 |8 A |9 384572 |a BIBCUR |b BIBCUR |d 2019-11-22 |i 4136306 |l 2 |o 302.2345 PER 2000 |p 4136306 |r 2025-04-22 |s 2020-06-08 |w 2019-11-22 |y BK |k MGC | ||